COPEN 2005: (Record no. 128)

MARC details
000 -LEADER
fixed length control field 00824 a2200241 4500
003 - CONTROL NUMBER IDENTIFIER
control field dpl
005 - DATE AND TIME OF LATEST TRANSACTION
control field 20190924132143.0
008 - FIXED-LENGTH DATA ELEMENTS--GENERAL INFORMATION
fixed length control field 190924b ||||| |||| 00| 0 eng d
010 ## - LIBRARY OF CONGRESS CONTROL NUMBER
LC control number ENG-83838
020 ## - INTERNATIONAL STANDARD BOOK NUMBER
International Standard Book Number 8177649485
Terms of availability 1500.00
035 ## - SYSTEM CONTROL NUMBER
System control number EN-67370,
040 ## - CATALOGING SOURCE
Transcribing agency 0
082 00 - DEWEY DECIMAL CLASSIFICATION NUMBER
Classification number 620
111 2# - MAIN ENTRY--MEETING NAME
Meeting name or jurisdiction name as entry element National Conference on Precision Engineering
Date of meeting 2005;
Location of meeting Kolkata, India)
245 10 - TITLE STATEMENT
Title COPEN 2005:
Remainder of title proceedings of the fourth National Conference on Precision Engineering, December 16-17, 2005, Kolkota, India /
Statement of responsibility, etc edited by B. Bhattacharyya
260 ## - PUBLICATION, DISTRIBUTION, ETC. (IMPRINT)
Place of publication, distribution, etc New Delhi
Name of publisher, distributor, etc Allied Publishers
Date of publication, distribution, etc 2005
300 ## - PHYSICAL DESCRIPTION
Extent xviii, 483p,
Other physical details ill. ;
Dimensions 25 cm. (Hb)
500 ## - GENERAL NOTE
General note Including bibliographic references and index
650 #0 - SUBJECT ADDED ENTRY--TOPICAL TERM
Topical term or geographic name as entry element Nanotechnology
650 #0 - SUBJECT ADDED ENTRY--TOPICAL TERM
Topical term or geographic name as entry element Micromachining
700 1# - ADDED ENTRY--PERSONAL NAME
Personal name Bhattacharyya, B.
942 ## - ADDED ENTRY ELEMENTS (KOHA)
Koha item type English Books
Call number prefix 620 NAT
Institution code [OBSOLETE] dpl
Source of classification or shelving scheme Dewey Decimal Classification
Holdings
Withdrawn status Lost status Source of classification or shelving scheme Damaged status Not for loan Collection code Home library Current library Source of acquisition Cost, normal purchase price Total Checkouts Full call number Barcode Date last seen Copy number Uniform Resource Identifier Cost, replacement price Price effective from Koha item type Date acquired
    Dewey Decimal Classification   Not For Loan Non-fiction D.B.Act.Division D.B.Act.Division DBAD/PUB 1500.00   620 NAT EN-67370 15/09/2008 1 137 1500.00 15/09/2008 English Books  
    Dewey Decimal Classification     Non-fiction Sarojini Nagar Sarojini Nagar       555.4 GEO B-088675 13/06/2019       13/06/2019 English Books 13/06/2019

© Delhi Public Library
Hit Counter
free hit counter